Los bancos comerciales (Registro nro. 2147)

Detalles MARC
000 -LEADER
fixed length control field 01254 a2200193 4500
001 - CONTROL NUMBER
control field 30942
005 - DATE AND TIME OF LATEST TRANSACTION
control field 20260407155618.0
008 - FIXED-LENGTH DATA ELEMENTS--GENERAL INFORMATION
fixed length control field 260407a1971 arg spa d
003 - CONTROL NUMBER IDENTIFIER
control field AR-UNSa-BCEJYS
040 ## - CATALOGING SOURCE
Original cataloging agency AR-UNSa-BCEJYS
Language of cataloging spa
Transcribing agency AR-UNSa-BCEJYS
080 ## - UNIVERSAL DECIMAL CLASSIFICATION NUMBER
Universal Decimal Classification number 657.1
Common auxiliary subdivision Teneduría de libros. Sistemas. Procedimientos (Operaciones bancarias)
100 1# - MAIN ENTRY--PERSONAL NAME
Personal name Micele, Antonio
245 10 - TITLE STATEMENT
Title Los bancos comerciales
264 #1 - PRODUCTION, PUBLICATION, DISTRIBUTION, MANUFACTURE, AND COPYRIGHT NOTICE
Place of production, publication, distribution, manufacture Buenos Aires :
Name of producer, publisher, distributor, manufacturer Plus Ultra
Date of production, publication, distribution, manufacture, or copyright notice 1971
300 ## - PHYSICAL DESCRIPTION
Extent 124 p.
Dimensions 20 cm.
505 ## - FORMATTED CONTENTS NOTE
Formatted contents note Parte I: Reglamentación general: 1. Evolución de la legislación bancaria Argentina - 2. Autorización y condiciones para funcionar - 3. Características operativas de los bancos comerciales - 4. El mantenimiento de una liquidez adecuada - 5. Disposiciones en resguardo de la solvencia - 6. Desarrollo de una sana competencia - 7. El secreto de las operaciones e informaciones - 8. El controlador de las entidades -- Parte II: Reglamentación crediticia: 1. Métodos de regulación y orientación crediticia - 2. El crédito en apoyo del crecimiento de la actividad productiva - 3. Normas tendientes a modificar la estructura de las carteras de créditos - 4. El destino de los préstamos
590 ## - LOCAL NOTE (RLIN)
Local note niveau_biblio:m niveau_hierar:0
942 ## - ADDED ENTRY ELEMENTS (KOHA)
Koha item type
Existencias
Withdrawn status Lost status Damaged status Not for loan Home library Current library Shelving location Date acquired Total checkouts Full call number Barcode Date last seen Price effective from Koha item type
        Biblioteca Prof. Eusebio Cleto del Rey Biblioteca Prof. Eusebio Cleto del Rey   07/04/2026   657.1 M619b L23947 07/04/2026 07/04/2026 Libro